000 00500nam a2200193Ia 4500
003 GCL
008 140319s9999 xx 000 0 eng d
040 _aGCL /
_cGCL
082 0 4 _a372.64044
_bL L
100 1 _aLAZAR, GILLIAN
245 1 0 _aLITERATURE AND LANGUAGE TECHNIQUE TEACHING /
_cLAZAR, GILLIAN
260 _a[S.N] :
_bNONE ،
_c1993
300 _a263 P
650 0 4 _aLITERATURE
650 0 4 _aTEACHING
650 0 4 _aELEMENTARY SCHOOL
650 0 4 _aSTUDY AND TEACHING
942 _2ddc
_cBK
999 _c17461
_d17461